000 00497nam a2200181Ia 4500
001 16785
005 20260306170336.0
008 260306t2001||||xx |||||||||||||| ||und||
041 _aESP
082 _a657
_bG49
100 _aGiraldo Jara, Demetrio
_eAUT
245 0 _aContabilidad general:
_bconcordante con el nuevo plan contable general revisado: teoría y práctica
260 _c2001
300 _a355 páginas :
_c21 cm.
650 _aGEN
654 _aCCO
942 _cLIB
_dJUS
_fJUS
_2ddc
_n
999 _c16785
_d16785